[Event "FRA-ch U26"]
[Site "Strasbourg"]
[Date "2017.01.21"]
[Round "2"]
[White "Bezy, Cedric"]
[Black "Villegas, Pierre"]
[Result "0-1"]
[WhiteElo "1806"]
[BlackElo "2363"]
[PlyCount "80"]
[EventDate "2017.01.21"]
[EventType "swiss"]
[EventRounds "11"]
[EventCountry "FRA"]
[SourceTitle "EXT 2018"]
[Source "ChessBase"]
[SourceDate "2017.10.13"]
[SourceVersion "1"]
[SourceVersionDate "2017.10.13"]
[SourceQuality "1"]

1. d4 Nf6 2. Nf3 d5 3. Bf4 e6 4. e3 c5 5. c3 Nc6 6. Bd3 Bd6 7. Bxd6 Qxd6 8. 0-0 0-0 9. Nbd2 e5 10. dxe5 Nxe5 11. Nxe5 Qxe5 12. Nf3 Qe7 13. Qc2 Bg4 14. Ng5 g6 15. h3 Qe5 16. Nxh7 Kxh7 17. hxg4 Nxg4 18. g3 Qh5 19. Kg2 Qh2+ 20. Kf3 Ne5+ 21. Ke2 Kg7 22. Rh1 Qg2 23. Rag1 Qf3+ 24. Ke1 Rh8 25. Rxh8 Rxh8 26. Be2 Qf6 27. f4 Rh2 28. Qd1 Nc4 29. Bxc4 dxc4 30. Rf1 Rxb2 31. Qc1 Rxa2 32. Rf2 Ra6 33. Rd2 Qe6 34. Rh2 Qe4 35. g4 Qf3 36. Rf2 Qxg4 37. f5 Qg1+ 38. Rf1 Qg3+ 39. Rf2 Ra2 40. f6+ Kg8 0-1

[Event "Berlin Lichtenberger op 14th"]
[Site "Berlin"]
[Date "2015.08.21"]
[Round "7"]
[White "Gunkel, Wolfgang"]
[Black "Bezy, Cedric"]
[Result "0-1"]
[WhiteElo "1596"]
[BlackElo "1780"]
[PlyCount "48"]
[EventDate "2015.08.15"]
[EventType "swiss"]
[EventRounds "9"]
[EventCountry "GER"]
[SourceTitle "EXT 2016"]
[Source "ChessBase"]
[SourceDate "2015.10.08"]
[SourceVersion "1"]
[SourceVersionDate "2015.10.08"]
[SourceQuality "1"]

1. e4 Nf6 2. Nc3 d5 3. exd5 Nxd5 4. Nxd5 Qxd5 5. Qf3 c6 6. Qxd5 cxd5 7. Nf3 Nc6 8. Bb5 a6 9. Ba4 b5 10. Bb3 e6 11. c3 Bd6 12. 0-0 0-0 13. d4 a5 14. a4 b4 15. Bd2 Ba6 16. Rfe1 Rab8 17. Bc2 bxc3 18. Bxc3 Rfc8 19. Rab1 Nb4 20. Bxb4 Rxb4 21. Rec1 Bf4 22. Bxh7+ Kxh7 23. Rxc8 Bxc8 24. b3 Ba6 0-1

[Event "Aix les Bains op 1st"]
[Site "Aix les Bains"]
[Date "2014.08.10"]
[Round "4"]
[White "Bezy, Cedric"]
[Black "Barnier, Alain"]
[Result "0-1"]
[WhiteElo "1728"]
[BlackElo "2070"]
[PlyCount "55"]
[EventDate "2014.08.10"]
[EventType "swiss"]
[EventRounds "7"]
[EventCountry "FRA"]
[SourceTitle "CBM 161 Extra"]
[Source "ChessBase"]
[SourceDate "2014.08.29"]
[SourceVersion "1"]
[SourceVersionDate "2014.08.29"]
[SourceQuality "1"]

1. d4 Nf6 2. g3 g6 3. Bg2 Bg7 4. Nf3 0-0 5. 0-0 d6 6. c3 Nbd7 7. Re1 e5 8. dxe5 dxe5 9. Bg5 h6 10. Bd2 e4 11. Nd4 c5 12. Nb3 Qb6 13. Na3 Qe6 14. Be3 b6 15. f4 Bb7 16. Nc2 Rad8 17. Qc1 Kh7 18. Nd2 Rfe8 19. Nf1 Nd5 20. Kh1 f5 21. Rd1 Ba6 22. Qd2 N7f6 23. Qe1 Rd7 24. Bg1 Red8 25. Nfe3 Nxe3 26. Nxe3 Rxd1 27. Rxd1 Rxd1 28. Qxd1 0-1